000 00903nam0a22002171i 4500
001 rc\2176221
005 20240723190445.0
035 _a(NLR Aleph) 006482435
090 _a6047691
_c6047691
100 _a20110829d1978 |||y0rusy50 ca
101 0 _arus
102 _aRU
105 _ay d |||||
200 1 _aВопросы организации нормативной информации в условиях АСУ предприятием машиностроения
_e(На прим. предприятий автомоб. пром-сти НРБ)
_eАвтореф. дис. на соиск. учен. степени канд. экон. наук
_e(08.00.13)
_fМоск. фин. ин-т
210 _aМосква
_d1978
215 _a23 с.
700 1 _aИванов
_bК.П.
_gКрум Петров
801 0 _aRU
_bNLR
_gpsbo
801 1 _aRU
_bELAR
_2rusmarc
852 _aNLR
_j78-4/26411
942 _cBOOK